| 000 | 00456cam a22001337a 4500 | ||
|---|---|---|---|
| 008 | 180718b xxu||||| |||| 00| 0 eng d | ||
| 082 | _aB12x5434 M294 | ||
| 100 | _aMalhotra, S.P. | ||
| 245 |
_aSocio-economic structure of population in arid Rajasthan _cby S.P. Malhotra |
||
| 260 |
_aJodhpur _bCentral Arid Zone Research Institute _c |
||
| 300 | _a51p. | ||
| 650 | _aRajasthan - Population - Social aspects | ||
| 650 | _aRajasthan - Population - Economic aspects | ||
| 999 |
_c492883 _d492883 |
||